LIBRARY & INFORMATION CENTRE, KCAET, TAVANUR

ONLINE PUBLIC ACCESS CATALOGUE (OPAC)

Irrigation / (Record no. 2593)

MARC details
000 -LEADER
fixed length control field 00382cam a2200157ua 4500
041 ## - LANGUAGE CODE
Language code of text/sound track or separate title eng
082 ## - DEWEY DECIMAL CLASSIFICATION NUMBER
Classification number 631.587
Item number ZIM/IR
100 ## - MAIN ENTRY--AUTHOR NAME
Personal name Zimmerman, Josef D .
245 ## - TITLE STATEMENT
Title Irrigation /
250 ## - EDITION STATEMENT
Edition statement 1 /
260 ## - PUBLICATION, DISTRIBUTION, ETC. (IMPRINT)
Place of publication New York :
Name of publisher John Wiley & Sons ,
Year of publication 1966.
300 ## - PHYSICAL DESCRIPTION
Number of Pages 224 ; .
942 ## - ADDED ENTRY ELEMENTS (KOHA)
Koha item type Books
Holdings
Withdrawn status Lost status Damaged status Home library Current library Date acquired Full call number Accession Number Koha item type
      KAUAET KAUAET 07/04/2012 631.587 15919 Books
free website counter